000 00977nam a22002297a 4500
001 46922
003 BD-RjUL
005 20211209054230.0
008 160806s2005 bg ||||| |||| 00| 0 ben d
020 _a8187360712
_c: TK 350.00
035 _a(BD-RjUL)47041
040 _aBD-RjUL
_bben
_cBD-RjUL
041 _aben
082 _223
_a305.8095492
_bBAN 2005
245 0 0 _aবাংলা সাময়িকপত্রে আদিবাসীকথা /
_cসংক্কলন ও সম্পাদনা দীপঙ্কর ঘোষ
260 _aকলকাতা :
_bলোকসংস্কৃতি,
_c২০০৫
300 _a[১০], ৪৬০ পৃ. :
_bচিত্র ;
_c২৩ সেমি.
650 _aআদিবাসী
_zবাংলাদেশ
_9142929
650 _aTribal Groups
_zBangladesh
_9142930
700 _aঘোষ,দীপঙ্কর, সংক্কলন ও সম্পাদনা
_9142931
942 _2ddc
_cBK
999 _c46922
_d46922